00604nam a22002057a 450000500170000000600190001700700030003600800410003901000170008002000230009703500170012003700160013704000120015308200120016524500400017726000420021726000300025927000750028930000340036420080711103130.0a|||||r|||||00| 1 ta080609t xxu||||| |||| 00| 0 eng d aB-266606-617 a8120732278c150.00 aB-266606-617 bBlue Berry/ aDPLbEN 2S / DIS aDisney princess:ba book of manners aNew Delhi bSterling Pubishers c2007 bBlue Berry (Vender)c2007 aA-59, Okhla Industrial Area, Phase - II, bNew Delhi e110020k2687070 a64p.: bcol. ill.c29 cm (Hb)